| 000 | 02562cam a22004814a 4500 | ||
|---|---|---|---|
| 090 | _c10184 | ||
| 001 | 14204579 | ||
| 005 | 20070727203657.0 | ||
| 008 | 051219s2007 mauab b 001 0 eng | ||
| 010 | _a 2005058404 | ||
| 020 | _a0072260718 (alk. paper) | ||
| 020 | _a9780072260717 | ||
| 035 | _a(OCoLC)ocm62741551 | ||
| 040 |
_aDLC _cDLC _dBAKER _dC#P _dDLC |
||
| 042 | _apcc | ||
| 050 | 0 | 0 |
_aQA76.5 _b.S2193 2007 |
| 082 | 0 | 0 |
_a004 _222 _bWIL |
| 100 | 1 |
_aWilliams, Brian K., _d1938- |
|
| 245 | 1 | 0 |
_aUsing information technology : _ba practical introduction to computers & communications / _cBrian K. Williams, Stacey C. Sawyer. |
| 250 | _a7th ed. | ||
| 260 |
_aBoston : _bMcGraw-Hill Irwin, _cc2007. |
||
| 300 |
_axxiv, 554, 12 p. : _bill. (chiefly col.), col. maps ; _c28 cm. |
||
| 500 | _aOn t.p. of previous ed. Stacey C. Sawyer's name appears first. | ||
| 500 | _aDistributer: Baccah. | ||
| 504 | _aIncludes bibliographical references (p. 541-552) and index. | ||
| 650 | 0 | _aComputers. | |
| 650 | 0 | _aTelecommunication systems. | |
| 650 | 0 | _aInformation technology. | |
| 700 | 1 | _aSawyer, Stacey C. | |
| 856 | 4 | 2 |
_3Publisher description _uhttp://www.loc.gov/catdir/enhancements/fy0626/2005058404-d.html |
| 856 | 4 | 1 |
_3Table of contents _uhttp://www.loc.gov/catdir/enhancements/fy0626/2005058404-t.html |
| 856 | 4 | 2 |
_3Contributor biographical information _uhttp://www.loc.gov/catdir/enhancements/fy0737/2005058404-b.html |
| 906 |
_a7 _bcbc _corignew _d1 _eocip _f20 _gy-gencatlg |
||
| 942 |
_2ddc _cBB |
||
| 999 |
_c10184 _d10184 |
||